| 000 | 00825nam a22001817a 4500 | ||
|---|---|---|---|
| 999 |
_c63242 _d63242 |
||
| 003 | Ge_BSU | ||
| 005 | 20250702173035.0 | ||
| 008 | 250702s1960 ge ||||| |||| 00| 0 geo d | ||
| 041 | _ageo | ||
| 080 | _a331.101.6(47+57) მ-42 | ||
| 100 |
_aმაცაბერიძე, ი _925604 |
||
| 245 |
_aშრომის ნაყოფიერების განუხრელი ზრდა შვიდწლედში (1959-1965 წწ.) / _cი. მაცაბერიძე. |
||
| 264 |
_aთბილისი : _b საბჭ. საქართველო, _c 1960. |
||
| 300 |
_a59 გვ. : _b ცხრილ. ; _c 19 სმ. |
||
| 504 | _aბიბლიოგრ. შენიშვნებში. | ||
| 653 | _aშრომის ნაყოფიერება. | ||
| 942 |
_2udc _cᲬᲘᲒᲜᲘ |
||